Di tích đất đắp dạng tròn ở tỉnh Bình Phước: Quá trình phát hiện và những nhận thức mới

Guardat en:
Dades bibliogràfiques
Autor principal: Bùi, Chí Hoàng
Format: Llibre
Idioma:Undetermined
Matèries:
Accés en línia:http://lrc.tdmu.edu.vn/opac/search/detail.asp?aID=2&ID=35255
Etiquetes: Afegir etiqueta
Sense etiquetes, Sigues el primer a etiquetar aquest registre!
Thư viện lưu trữ: Trung tâm Học liệu Trường Đại học Thủ Dầu Một
LEADER 00698nam a2200145Ia 4500
001 TDMU_35255
008 210410s9999 xx 000 0 und d
082 |a 634.9 
100 |a Bùi, Chí Hoàng 
245 0 |a Di tích đất đắp dạng tròn ở tỉnh Bình Phước: Quá trình phát hiện và những nhận thức mới 
245 0 |c Bùi Chí Hoàng, Nguyễn Khánh Trung Kiên 
300 |a Tr.90-99 
650 |a Khảo cổ học; Di tích; Đất đắp dạng tròn; Văn hóa; Bình Phước 
856 |u http://lrc.tdmu.edu.vn/opac/search/detail.asp?aID=2&ID=35255 
980 |a Trung tâm Học liệu Trường Đại học Thủ Dầu Một